Developments in steelmaking capacity of non-OECD countries
Saved in:
| Format: | Book |
|---|---|
| Language: | English French |
| Published: |
Paris
OECD
2001
|
| Edition: | 2001 ed. |
| Series: | Industry, services and trade
|
| Subjects: | |
| Tags: |
No Tags, Be the first to tag this record!
|
MARC
| LEADER | 00000nam a2200000 4500 | ||
|---|---|---|---|
| 001 | c129023 | ||
| 005 | 20240422122139.5 | ||
| 020 | |a 92-64-08720-6 | ||
| 041 | 0 | |a eng | |
| 041 | 0 | |a fre | |
| 044 | |a FR | ||
| 245 | 1 | 0 | |a Developments in steelmaking capacity of non-OECD countries |
| 250 | |a 2001 ed. | ||
| 264 | 1 | |a Paris |b OECD |c 2001 | |
| 300 | |a 466 s. | ||
| 490 | 1 | |a Industry, services and trade | |
| 830 | 0 | |a Industry, services and trade | |
| 610 | 2 | 0 | |a oceľ |
| 610 | 2 | 0 | |a produkcia |
| 610 | 2 | 0 | |a hutníctvo |
| 610 | 2 | 0 | |a metalurgia |
| 610 | 2 | 0 | |a kovy |
| 610 | 2 | 0 | |a trh |
| 610 | 2 | 0 | |a vývoj |
| 610 | 2 | 0 | |a obchod |
| 610 | 2 | 0 | |a prognózy |
| 610 | 2 | 0 | |a SVE |
| 610 | 2 | 0 | |a Spoločenstvo nezávislých štátov |
| 610 | 2 | 0 | |a Latinská Amerika |
| 610 | 2 | 0 | |a Afrika |
| 610 | 2 | 0 | |a Stredný východ |
| 610 | 2 | 0 | |a Ázia |
| 610 | 2 | 0 | |a svet |
| 610 | 2 | 0 | |a OECD |